000
00272cam a22001097a 4500
008
180718b xxu||||| |||| 00| 0 eng d
100
_a
Sharma, Uddyan
245
_a
Madhu ji
_c
edited by Uddyan Sharma
260
_a
Lucknow
_b
Lohia Trust
_c
300
_a
397p.
650
_a
Madhu ji
999
_c
439157
_d
439157